00225nam a2200097Ia 4500008004100000100001700041245002100058260001900079300000900098650002000107190216s9999||||xx |||||||||||||| ||und|| aSatyajit Ray 0aKalavu Poya Yesu bDc Booksc1986 a111p aMalayalam Novel